| 000 | 00508nam a2200181Ia 4500 | ||
|---|---|---|---|
| 003 | GCL | ||
| 008 | 140319s9999 xx 000 0 aFre d | ||
| 040 |
_aGCL / _cGCL |
||
| 082 | 0 | 4 |
_aREF _b443.1 _bS A |
| 100 | 1 | _aSOUHEIL , IDRISS | |
| 245 | 1 | 0 |
_aAL_ MANHAL AL_ QARIB: DICTIONNAIRE FRANCIAIS_ ARABE / _cSOUHEIL , IDRISS |
| 260 |
_aبيروت : _bDAR ELAELM ، _c1987 |
||
| 300 |
_a347.P ؛ _c10 cm. |
||
| 650 | 0 | 4 | _aFRENCH LANGUAGE |
| 650 | 0 | 4 | _aARABIC |
| 650 | 0 | 4 | _aARABIC DICTIONARIES |
| 942 |
_2ddc _cBK |
||
| 999 |
_c11977 _d11977 |
||